Les 10 quiz français les plus joués de JetPunk - Statistiques

Statistiques générales
  • Ce quiz a été pris 43 fois
  • Le résultat moyen est 3 sur 10
Statistiques - réponses
Nombre de tentatives Réponses % Correct
7 809 502 Pays du monde
100%
1 918 420 Pays d'Europe
68%
1 114 870 Capitales du Monde - Quiz
60%
1 238 663 Pays d'Afrique
48%
1 987 327 États des États-Unis
38%
1 972 835 12 mois en 15 secondes
8%
1 101 202 Pays aléatoires par drapeau
8%
1 012 364 Pays par les deux premières lettres en 90 secondes
8%
1 038 622 Traduction de Vocabulaire en Anglais Aléatoire
8%
1 089 368 Carte du Monde sans 20 pays aléatoires
5%
Aucun quiz correspondant
Distribution des résultats
% des personnes avec chaque résultat
Percentile par nombre de réponses
Votre historique - résultats
Vous n’avez pas pris ce quiz